000 00387nam a2200145Ia 4500
008 231129s1999||||xx |||||||||||||| ||spa||
020 _a84-413-0982-5
040 _bspa
082 _a891.73 Ch515da
100 _aChéjov Anton
245 0 _aLa dama del perrito y otros cuentos
260 _c1999
264 _aEdiciones Folio
942 _2ddc
_cBKS
999 _c16822
_d16822